000 00797nam a22001577a 4500
003 OSt
005 20150917100751.0
008 150917b xxu||||| |||| 00| 0 eng d
040 _cRUA
082 _aAGR LEN 2005 B031 Or.1
100 _9640
_aLENG, SEANGLY.
245 _aEffect of eggplant rootstock on off-season tomato yield at dey eth-sre ampil agricultural research and development center ឥទ្ធិពលនៃគល់ទំរត្រប់លើទិន្នផលប៉េងប៉ោះខុសរដូវ​នៅមណ្ឌលពិសោធន៍ស្រាវជ្រាវនិងអភិវឌ្ឍន៍កសិកម្មដីឥដ្ឋ-ស្រែអំពិល
260 _aPhnom Penh
_bRUA
_c2005
300 _axiii; 61p.
_bill.
_c29cm.
942 _2ddc
_cAGR
999 _c614
_d614